Violence as political discourse (Record no. 399367)

000 -LEADER
fixed length control field 00455cam a22001577a 4500
008 - FIXED-LENGTH DATA ELEMENTS--GENERAL INFORMATION
fixed length control field 180718b2002 xxu||||| |||| 00| 0 eng d
020 ## - INTERNATIONAL STANDARD BOOK NUMBER
International Standard Book Number 817986006X
082 ## - DEWEY DECIMAL CLASSIFICATION NUMBER
Classification number Q811 Si64
100 ## - MAIN ENTRY--PERSONAL NAME
Personal name Singh, Birinder Pal
245 ## - TITLE STATEMENT
Title Violence as political discourse
Statement of responsibility, etc. by Birinder Pal Singh
260 ## - PUBLICATION, DISTRIBUTION, ETC.
Place of publication, distribution, etc. Shimla
Name of publisher, distributor, etc. Indian Institute of Advanced Study
Date of publication, distribution, etc. 2002
300 ## - PHYSICAL DESCRIPTION
Extent 244p.
650 ## - SUBJECT ADDED ENTRY--TOPICAL TERM
Topical term or geographic name entry element Terrorism
650 ## - SUBJECT ADDED ENTRY--TOPICAL TERM
Topical term or geographic name entry element Violent crimes
650 ## - SUBJECT ADDED ENTRY--TOPICAL TERM
Topical term or geographic name entry element Violence, Social conflict
Holdings
Withdrawn status Lost status Damaged status Not for loan Permanent Location Current Location Date acquired Full call number Barcode Date last seen Price effective from Koha item type
        Indian Institute of Public Administration Indian Institute of Public Administration 2002-03-26 Q811 Si64 77472 2018-07-21 2018-07-21 Book

Powered by Koha